RECURSOS HUMANOS, EMPLEO Y DESARROLLO EN LA AMERICA LATINA/

INDICE

محفوظ في:
التفاصيل البيبلوغرافية
مؤلفون آخرون: Urquidi, Victor L., (selección) (selección)
التنسيق: كتاب
سلاسل:LECTURAS; 51
الموضوعات:
الوسوم: إضافة وسم
لا توجد وسوم, كن أول من يضع وسما على هذه التسجيلة!

MARC

LEADER 00000nam^a2200000^a^4500
001 000224163
005 20250521000000.0
009 20260310104041.119
020 |a 968-16-1399-6 
035 |a 043168 
037 |a Acervo Xavier Clavigero 
082 |a 331. 1098  |b REC V. 
245 1 0 |a RECURSOS HUMANOS, EMPLEO Y DESARROLLO EN LA AMERICA LATINA/  |c SELEC. VICTOR L. URQUIDI 
264 |a MEXICO :  |b FONDO DE CULTURA ECONOMICA,  |c 1983 
300 |a 2 V. 2ej. 
336 |a texto  |b txt  |2 rdacontenido 
337 |a sin mediación  |b n  |2 rdamedio 
338 |a volumen  |b nc  |2 rdasoporte 
440 |a LECTURAS;  |v 51 
520 |a INDICE 
649 |a XX 
650 |a TRABAJO -  |x OFERTA -  |x HISPANOAMERICA 
650 |a Empleo y Desempleo 
650 |a Iberoamérica -  |x Condiciones Económicas 
700 |a Urquidi, Victor L.,  |e (selección) 
910 |a Fondo General 
920 |a Impresos - Libros 
930 |a Colección General 
905 |a 101 
901 |a 043168  |b IT1  |c ACC  |i 043168  |u 20250521 
901 |a 043147  |b IT1  |c ACC  |i 043147  |u 20250521 
902 |a https://opac.biblio.iteso.mx/vufind/Record/000224163